Statistics for Nevezd meg a görög betűt

Click here to take the quiz!

General Stats

  • This quiz has been taken 170 times
  • The average score is 12 of 24

Answer Stats

JelölésNév% Correct
Α αalfa
97%
Β βbéta
91%
Ω ωómega
81%
Π π
81%
Δ δdelta
80%
Γ γgamma
69%
Ε εepszilon
67%
Φ φ
54%
Μ μ
53%
Ζ ζdzéta
48%
Λ λlambda
47%
Κ κkappa
42%
Ρ ρ
41%
Ο οomikron
38%
Θ θthéta
38%
Ν ν
34%
Σ σszigma
34%
Η ηéta
28%
Τ τtau
28%
Υ υüpszilon
28%
Ι ιióta
27%
Ξ ξkszí
24%
Ψ ψpszí
24%
Χ χkhí
18%

Score Distribution

Percentile by Number Answered

Percent of People with Each Score

Your Score History

You have not taken this quiz